| 000 | 00692nam a2200229Ia 4500 | ||
|---|---|---|---|
| 003 | OSt | ||
| 005 | 20251202125628.0 | ||
| 008 | 220923b |||||||| |||| 00| 0 eng d | ||
| 020 | _a9788120802230 | ||
| 037 | _cGeneral Book | ||
| 040 |
_aRTL _cRTL _beng |
||
| 041 |
_2eng _aeng |
||
| 084 |
_aY:3(Q2:45).2.N2, L6.1 _qRTL |
||
| 100 |
_aKramrisch Stella _942114 |
||
| 245 | 0 | _aHindu temple | |
| 260 |
_a New Delhi _bMotilal Banarsidass Publishers _c1976 |
||
| 300 |
_a295 p. :ill. _bIncludes bibliographical references and index. |
||
| 490 | _vVol. 1 | ||
| 650 |
_aSociology _9853877 |
||
| 942 |
_hY:3(Q2:45).2.N2, L6.1 _cGB _2CC _n0 |
||
| 999 |
_c605109 _d605109 |
||